<?xml version="1.0" encoding="UTF-8"?>
<record
    xmlns:xsi="http://www.w3.org/2001/XMLSchema-instance"
    xsi:schemaLocation="http://www.loc.gov/MARC21/slim http://www.loc.gov/standards/marcxml/schema/MARC21slim.xsd"
    xmlns="http://www.loc.gov/MARC21/slim">

  <leader>04900nab a22008417  4500</leader>
  <controlfield tag="003">AR-RoUNA</controlfield>
  <datafield tag="022" ind1=" " ind2=" ">
    <subfield code="a">0327-9022</subfield>
  </datafield>
  <datafield tag="040" ind1=" " ind2=" ">
    <subfield code="a">AR-RoUNA</subfield>
    <subfield code="b">spa</subfield>
  </datafield>
  <datafield tag="041" ind1=" " ind2=" ">
    <subfield code="a">spa</subfield>
  </datafield>
  <datafield tag="044" ind1=" " ind2=" ">
    <subfield code="a">ag</subfield>
  </datafield>
  <datafield tag="245" ind1=" " ind2=" ">
    <subfield code="a">Summa+ /</subfield>
    <subfield code="b">Transparencias</subfield>
  </datafield>
  <datafield tag="260" ind1=" " ind2=" ">
    <subfield code="a">Buenos Aires (Argentina):</subfield>
    <subfield code="c">Donn SA,</subfield>
    <subfield code="b">1993.</subfield>
  </datafield>
  <datafield tag="300" ind1=" " ind2=" ">
    <subfield code="a">128 p. :</subfield>
    <subfield code="b">il. byn.</subfield>
    <subfield code="b">planos</subfield>
    <subfield code="c">34X25 cm.</subfield>
  </datafield>
  <datafield tag="505" ind1="0" ind2=" ">
    <subfield code="t">INDICE</subfield>
  </datafield>
  <datafield tag="505" ind1="0" ind2=" ">
    <subfield code="a">Fernando Diez y Mart&#xED;n Di Peco / Transparencia y radicalidad. p. 1</subfield>
  </datafield>
  <datafield tag="505" ind1="0" ind2=" ">
    <subfield code="t">LA PROFUNDIDAD DEL ESPACIO</subfield>
  </datafield>
  <datafield tag="505" ind1="0" ind2=" ">
    <subfield code="a">Alberto Kalach y Juan Palomar / Biblioteca y Jard&#xED;n Bot&#xE1;nico Jos&#xE9; Vasconcelos, Ciudad de M&#xE9;xico, 2006. p. 8</subfield>
  </datafield>
  <datafield tag="505" ind1="0" ind2=" ">
    <subfield code="t">IMPRESIONES DE UNA GRANJA</subfield>
  </datafield>
  <datafield tag="505" ind1="0" ind2=" ">
    <subfield code="a">MVRDV / Granja de vidrio, Schijndel, Pa&#xED;ses Bajos, 2013. p. 16</subfield>
  </datafield>
  <datafield tag="505" ind1="0" ind2=" ">
    <subfield code="t">EL VIAJE DE LA MIRADA</subfield>
  </datafield>
  <datafield tag="505" ind1="0" ind2=" ">
    <subfield code="a">Alberto Campo Baeza / Entre Catedrales, C&#xE1;diz, Espa&#xF1;a, 2009. p. 24</subfield>
  </datafield>
  <datafield tag="505" ind1="0" ind2=" ">
    <subfield code="a">Josep Mar&#xED;a Montaner y Zaida Mux&#xED; / La desmaterializaci&#xF3;n de la arquitectura. p. 30</subfield>
  </datafield>
  <datafield tag="505" ind1="0" ind2=" ">
    <subfield code="a">RCR arqs. / Restaurante Les Cols, reforma y ampliaci&#xF3;n, Girona, Espa&#xF1;a, 2002. p. 35</subfield>
  </datafield>
  <datafield tag="505" ind1="0" ind2=" ">
    <subfield code="a">RCR arqs. / Pabellones Les Cols, habitaciones anexas al restaurante, Girona, Espa&#xF1;a, 2005. p. 40</subfield>
  </datafield>
  <datafield tag="505" ind1="0" ind2=" ">
    <subfield code="a">RCR arqs. / Carpa en el restaurante Les Cols, espacio para celebraciones, Girona, Espa&#xF1;a, 2011. p. 51</subfield>
  </datafield>
  <datafield tag="505" ind1="0" ind2=" ">
    <subfield code="a">Valeria MataYoshi y Mart&#xED;n Di Peco / La transparencia como eje. p. 60</subfield>
  </datafield>
  <datafield tag="505" ind1="0" ind2=" ">
    <subfield code="t">PERMEABILIDAD DE CEBRA</subfield>
  </datafield>
  <datafield tag="505" ind1="0" ind2=" ">
    <subfield code="a">En arqs. / Edificio de oficinas y cocheras Dorrego 1789, CABA, 2013. p. 62</subfield>
  </datafield>
  <datafield tag="505" ind1="0" ind2=" ">
    <subfield code="t">MIL HOJAS COMO UN MENSAJE DE TRANPARENCIA</subfield>
  </datafield>
  <datafield tag="505" ind1="0" ind2=" ">
    <subfield code="a">MAPA / Crea, Sede de inspector&#xED;a del Crea-PB, Paralba, Brasil, 2013. p. 68</subfield>
  </datafield>
  <datafield tag="505" ind1="0" ind2=" ">
    <subfield code="t">ARMAR LA PERMEABILIDAD COMO UN ROMPECABEZAS DESLIZABLE</subfield>
  </datafield>
  <datafield tag="505" ind1="0" ind2=" ">
    <subfield code="a">Daniel Silberfaden + Adamo Faiden / Pabell&#xF3;n Industrial Hydro Aluminium, Pilar, Argentina, 2012. p. 74</subfield>
  </datafield>
  <datafield tag="505" ind1="0" ind2=" ">
    <subfield code="t">SECUENCIA DE CUBOS PARA ARMAR</subfield>
  </datafield>
  <datafield tag="505" ind1="0" ind2=" ">
    <subfield code="a">Marius Quintana Creus, Arq. / M&#xF3;dulo de Playa, Barcelona, Espa&#xF1;a, 2010. p. 78</subfield>
  </datafield>
  <datafield tag="505" ind1="0" ind2=" ">
    <subfield code="a">Juli&#xE1;n Varas / De la transparencia al &#xED;ndice: la ingenier&#xED;a del afecto. p. 80</subfield>
  </datafield>
  <datafield tag="505" ind1="0" ind2=" ">
    <subfield code="a">Constanza Llorente, Valeria Matayoshi y Mart&#xED;n Di Peco / La transparencia y los l&#xED;mites. p. 84</subfield>
  </datafield>
  <datafield tag="505" ind1="0" ind2=" ">
    <subfield code="t">FILTROS</subfield>
  </datafield>
  <datafield tag="505" ind1="0" ind2=" ">
    <subfield code="a">Molo+ d/dt Arch+Frank la Rivi&#xE9;re Arch. Inc / Nebuta-NO-IE-Warasse, Aomori, Jap&#xF3;n, 2010. p. 86</subfield>
  </datafield>
  <datafield tag="505" ind1="0" ind2=" ">
    <subfield code="a">Gjs Van Vaerenbergh / Reading Between The Lines, Borgloon, B&#xE9;lgica, 2011. p. 87</subfield>
  </datafield>
  <datafield tag="505" ind1="0" ind2=" ">
    <subfield code="t">TIEMPOS</subfield>
  </datafield>
  <datafield tag="505" ind1="0" ind2=" ">
    <subfield code="a">Rep&#xFA;blica Port&#xE1;til / Pabell&#xF3;n de las Artes, Valpara&#xED;so, Chile, 2014. p. 88</subfield>
  </datafield>
  <datafield tag="505" ind1="0" ind2=" ">
    <subfield code="a">Triptyque / Edificio Leit&#xE4;o, San Pablo, Brasil, 2012. p. 89</subfield>
  </datafield>
  <datafield tag="505" ind1="0" ind2=" ">
    <subfield code="a">Wiel Arets / V&#xB4;House, Maatricht, Pa&#xED;ses Bajos, 2013. p. 89</subfield>
  </datafield>
  <datafield tag="505" ind1="0" ind2=" ">
    <subfield code="t">AMBIG&#xDC;EDADES</subfield>
  </datafield>
  <datafield tag="505" ind1="0" ind2=" ">
    <subfield code="a">Marco Casagrande / Sandworm, Wenduine, B&#xE9;lgica, 2012. p. 90</subfield>
  </datafield>
  <datafield tag="505" ind1="0" ind2=" ">
    <subfield code="a">Hofrichter &amp; Ritter / Blue Box, Graz, Austria, 2014. p. 91</subfield>
  </datafield>
  <datafield tag="505" ind1="0" ind2=" ">
    <subfield code="a">Rallar Arkittekter / Rjukan Town Cabin, Noruega, 2013. p. 91</subfield>
  </datafield>
  <datafield tag="505" ind1="0" ind2=" ">
    <subfield code="t">REFLEJOS</subfield>
  </datafield>
  <datafield tag="505" ind1="0" ind2=" ">
    <subfield code="a">GCA Arch. / Hotel The Mirror, Barcelona, Espa&#xF1;a, 2011. p. 92</subfield>
  </datafield>
  <datafield tag="505" ind1="0" ind2=" ">
    <subfield code="a">Solano Ben&#xED;tez / 4 VIGAS, &#xA8;Los Pilinchos&#xA8;, Pirribebuy, Paraguay, 1999. p. 92</subfield>
  </datafield>
  <datafield tag="505" ind1="0" ind2=" ">
    <subfield code="a">Bureau LADA + KettingHuls / Pavilion For An Artist, &#xC1;msterdam, Holanda, 2008. p. 93</subfield>
  </datafield>
  <datafield tag="505" ind1="0" ind2=" ">
    <subfield code="a">Allan Shulman / Hormig&#xF3;n y transparencia: Bacardi en las am&#xE9;ricas. p. 94</subfield>
  </datafield>
  <datafield tag="505" ind1="0" ind2=" ">
    <subfield code="a">Patricia Tetzlaff / Bienal de arquitectura de Venecia  2014. p. 102</subfield>
  </datafield>
  <datafield tag="505" ind1="0" ind2=" ">
    <subfield code="a">Paula de Falco y Mart&#xED;n Di peco / Los m&#xE1;rgenes del azar y la memoria. p. 108</subfield>
  </datafield>
  <datafield tag="505" ind1="0" ind2=" ">
    <subfield code="a">Paula de Falco / La Pecera y la caja de Pandora: transparencia y l&#xED;mites en &#xA8;Dogville&#xA8;de Lars van Trier. p. 112</subfield>
  </datafield>
  <datafield tag="505" ind1="0" ind2=" ">
    <subfield code="a">Constanza Llorente / Red Invisible. p. 114</subfield>
  </datafield>
  <datafield tag="505" ind1="0" ind2=" ">
    <subfield code="a">Andrey Hodkevich / Museo del Futuro, Estambul, Turqu&#xED;a. p. 114</subfield>
  </datafield>
  <datafield tag="505" ind1="0" ind2=" ">
    <subfield code="a">Tomas Saraceno / En &#xD3;rbita, D&#xFC;sseldorf, Alemania. p. 115</subfield>
  </datafield>
  <datafield tag="505" ind1="0" ind2=" ">
    <subfield code="a">Pablo G&#xFC;iraldes / &#xA8;Primero la vida, despu&#xE9;s el espacio y despu&#xE9;s los edificios&#xA8;. p. 118</subfield>
  </datafield>
  <datafield tag="505" ind1="0" ind2=" ">
    <subfield code="a">Ignacio Ros de Olano / La Alhambra de Granada en papel. p. 119</subfield>
  </datafield>
  <datafield tag="505" ind1="0" ind2=" ">
    <subfield code="a">Mercedes Peralta / Dise&#xF1;ar el comportamiento. p. 120</subfield>
  </datafield>
  <datafield tag="505" ind1="0" ind2=" ">
    <subfield code="a">Ruth Verde Zein / Mundos alternativos. p. 122</subfield>
  </datafield>
  <datafield tag="505" ind1="0" ind2=" ">
    <subfield code="a">Rafael E.J. Iglesia / Pedro de Montereau: entre la historia y el recuerdo. p. 124</subfield>
  </datafield>
  <datafield tag="505" ind1="0" ind2=" ">
    <subfield code="a">Rita Molinos y Mario Sabugo / Una ma&#xF1;ana en Gallaratese. p. 126</subfield>
  </datafield>
  <datafield tag="505" ind1="0" ind2=" ">
    <subfield code="a">Roberto Fern&#xE1;ndez / Arte de las Pampas: paisaje y objetos de Benedit. p. 127 </subfield>
  </datafield>
  <datafield tag="505" ind1="0" ind2=" ">
    <subfield code="a">Ana G&#xF3;mez Pintos / &#xBF;Cu&#xE1;l es el rol que ocupan la historia y la teor&#xED;a en la formaci&#xF3;n de los profesionales del dise&#xF1;o y la arquitectura?. p. 128</subfield>
  </datafield>
  <datafield tag="650" ind1=" " ind2=" ">
    <subfield code="2">Arquitectura contepor&#xE1;nea</subfield>
  </datafield>
  <datafield tag="773" ind1="0" ind2=" ">
    <subfield code="a">Summa+</subfield>
    <subfield code="d">Buenos Aires, Argentina</subfield>
    <subfield code="g">N&#xBA;138 (sep, 2014), p. 128</subfield>
    <subfield code="x">0327-9022</subfield>
  </datafield>
  <datafield tag="908" ind1=" " ind2=" ">
    <subfield code="a">Imp</subfield>
  </datafield>
  <datafield tag="942" ind1=" " ind2=" ">
    <subfield code="2">udc</subfield>
    <subfield code="c">ART</subfield>
  </datafield>
  <datafield tag="945" ind1=" " ind2=" ">
    <subfield code="d">2022-07-08</subfield>
  </datafield>
  <datafield tag="980" ind1=" " ind2=" ">
    <subfield code="6">138</subfield>
    <subfield code="a">Carolina Rainero</subfield>
    <subfield code="8">138</subfield>
    <subfield code="g">Carolina Rainero</subfield>
  </datafield>
  <datafield tag="999" ind1=" " ind2=" ">
    <subfield code="c">12285</subfield>
    <subfield code="d">12285</subfield>
  </datafield>
  <datafield tag="952" ind1=" " ind2=" ">
    <subfield code="0">0</subfield>
    <subfield code="1">0</subfield>
    <subfield code="2">udc</subfield>
    <subfield code="4">0</subfield>
    <subfield code="7">0</subfield>
    <subfield code="a">AR-RoUNA</subfield>
    <subfield code="b">AR-RoUNA</subfield>
    <subfield code="c">Heme</subfield>
    <subfield code="d">2025-12-03</subfield>
    <subfield code="e">Don</subfield>
    <subfield code="l">0</subfield>
    <subfield code="p">1002876</subfield>
    <subfield code="r">2025-12-03</subfield>
    <subfield code="t">ej. 1</subfield>
    <subfield code="w">2025-12-03</subfield>
    <subfield code="y">ART</subfield>
    <subfield code="k">K6</subfield>
    <subfield code="x"></subfield>
  </datafield>
</record>
